| 000 | 00803nas a2200277 4500 | ||
|---|---|---|---|
| 001 | BR0204048 | ||
| 003 | BR-BrBNA | ||
| 005 | 20231205103155.0 | ||
| 007 | ta | ||
| 008 | 230509b bl.|||p| |||| 00| 00por d | ||
| 040 |
_aBR-BrBNA _bpor _cBiblioteca Nacional de Agricultura |
||
| 041 | _a(Pt) | ||
| 072 | _aF30 | ||
| 100 | 1 | _aPinho, R.G.V. | |
| 100 | 1 | _aVillela, T.E.A. | |
| 100 | 1 | _aGomes, M. de S. | |
| 100 | 1 | _aRezende, P.M. de | |
| 245 | 1 | _aÉpoca de semeadura e de corte de plantas de milho para silagem | |
| 650 | _aMILHO | ||
| 650 | _aSILAGEM | ||
| 650 | _aÉPOCA DE SEMEADURA | ||
| 650 | _aÉPOCA DE CORTE | ||
| 773 | 0 |
_tRevista Ceres (Brazil) _xISSN 0034-737X _g(Mar-Apr 2002), v. 49(282) p. 137-150 _wBR0204048 |
|
| 909 |
_a202311 _bLúcia _c55 _dLúcia Elande |
||
| 942 |
_2AGRIS _n0 _cANA |
||
| 999 |
_c171481 _d171481 |
||